|
|
|
|
| LEADER |
00674cam a2200193 7i4500 |
| 001 |
0000024683 |
| 005 |
20100623090000.0 |
| 020 |
0 |
0 |
|a 978-0-8213-7629-4
|
| 090 |
0 |
0 |
|a I 333.9539
|b CUS
|
| 100 |
1 |
0 |
|a Cushion
|
| 245 |
1 |
0 |
|a Bioenergy development :
|b issues and impacts for poverty and natural resource management.
|
| 260 |
0 |
0 |
|a Washington, D.C:
|b The International Bank for Reconstruction an Development,
|c 2010.
|
| 300 |
# |
# |
|a 249 p.
|
| 650 |
0 |
0 |
|a Biomass energy
|
| 650 |
0 |
0 |
|a Biomass energy --
|x Environmental aspects
|
| 700 |
1 |
1 |
|a Whiteman,
|h Adrian
|
| 700 |
1 |
1 |
|a Dieterle,
|h Gerhard
|
| 710 |
2 |
1 |
|a The World Bank
|
| 999 |
|
|
|a 0000027142
|b Book
|c International
|e Business Information Centre
|